<?xml version="1.0" encoding="UTF-8"?>
<record
    xmlns:xsi="http://www.w3.org/2001/XMLSchema-instance"
    xsi:schemaLocation="http://www.loc.gov/MARC21/slim http://www.loc.gov/standards/marcxml/schema/MARC21slim.xsd"
    xmlns="http://www.loc.gov/MARC21/slim">

  <leader>00902nam a2200241 a 4500</leader>
  <controlfield tag="001">BRCA_115</controlfield>
  <controlfield tag="005">20190320202902.0</controlfield>
  <controlfield tag="008">931204s1992    mx-c---###---#000-0#spa-d</controlfield>
  <datafield tag="040" ind1=" " ind2=" ">
    <subfield code="a">NjPT</subfield>
    <subfield code="c">NjPT</subfield>
    <subfield code="d">DLC</subfield>
  </datafield>
  <datafield tag="041" ind1=" " ind2=" ">
    <subfield code="a">spa</subfield>
  </datafield>
  <datafield tag="044" ind1=" " ind2=" ">
    <subfield code="a">mx</subfield>
  </datafield>
  <datafield tag="050" ind1=" " ind2="4">
    <subfield code="a">BX4705.P3</subfield>
    <subfield code="b">.M57 1992</subfield>
  </datafield>
  <datafield tag="100" ind1="1" ind2=" ">
    <subfield code="a">Arteaga y Falguera, Cristina de la Cruz de</subfield>
    <subfield code="9">448</subfield>
  </datafield>
  <datafield tag="245" ind1="1" ind2="0">
    <subfield code="a">Una mitra sobre dos mundos</subfield>
    <subfield code="b">la de don Juan de Palafox y Mendoza, Obispo de Puebla de los Angeles y de Osma</subfield>
    <subfield code="c">Cristina de la Cruz de Arteaga y Falguera.</subfield>
  </datafield>
  <datafield tag="260" ind1=" " ind2=" ">
    <subfield code="a">Puebla</subfield>
    <subfield code="b">Gobierno del Estado de Puebla, Comisi&#xF3;n Puebla V Centenario</subfield>
    <subfield code="c">[1992]</subfield>
  </datafield>
  <datafield tag="300" ind1=" " ind2=" ">
    <subfield code="a">viii, 640 p.</subfield>
    <subfield code="b">il.</subfield>
    <subfield code="c">23 cm.</subfield>
  </datafield>
  <datafield tag="504" ind1=" " ind2=" ">
    <subfield code="a">Bibliograf&#xED;a: p. 625-640</subfield>
  </datafield>
  <datafield tag="600" ind1="1" ind2="4">
    <subfield code="a">Palafox y Mendoza, Juan de</subfield>
    <subfield code="d">1600-1659</subfield>
    <subfield code="9">449</subfield>
  </datafield>
  <datafield tag="610" ind1="2" ind2="4">
    <subfield code="a">Jesuitas</subfield>
    <subfield code="v">Biograf&#xED;as</subfield>
    <subfield code="z">M&#xE9;xico</subfield>
    <subfield code="9">450</subfield>
  </datafield>
  <datafield tag="610" ind1="2" ind2="4">
    <subfield code="a">Iglesia cat&#xF3;lica</subfield>
    <subfield code="x">Obispos</subfield>
    <subfield code="9">451</subfield>
  </datafield>
  <datafield tag="651" ind1=" " ind2="4">
    <subfield code="a">M&#xE9;xico</subfield>
    <subfield code="x">Iglesia</subfield>
    <subfield code="y">Siglo XVII</subfield>
    <subfield code="9">452</subfield>
  </datafield>
  <datafield tag="942" ind1=" " ind2=" ">
    <subfield code="2">lcc</subfield>
    <subfield code="c">B</subfield>
  </datafield>
  <datafield tag="999" ind1=" " ind2=" ">
    <subfield code="c">100</subfield>
    <subfield code="d">100</subfield>
  </datafield>
  <datafield tag="952" ind1=" " ind2=" ">
    <subfield code="0">0</subfield>
    <subfield code="1">0</subfield>
    <subfield code="4">0</subfield>
    <subfield code="7">0</subfield>
    <subfield code="a">BRCA</subfield>
    <subfield code="b">BRCA</subfield>
    <subfield code="d">2008-06-25</subfield>
    <subfield code="l">0</subfield>
    <subfield code="o">BX4705.P3 .M57 1992</subfield>
    <subfield code="p">00109</subfield>
    <subfield code="r">2019-03-22 00:00:00</subfield>
    <subfield code="w">2019-03-22</subfield>
    <subfield code="y">B</subfield>
  </datafield>
</record>
